MDQL
is popping MORE tags! Check the
thread
!
Quizzes
Events
Quiz Creation
Community
Videos
Private Events
Remove Ads
Sign In
Join for FREE
Feedback
Dark Mode
Quiz Categories
Sports
Geography
Music
Movies
Television
Just For Fun
Miscellaneous
History
Literature
Language
Science
Gaming
Entertainment
Religion
Holiday
For Kids
Quiz Lab
Recent
Popular Today
Quiz Kudos Today
Editor Picks
Curator Picks
Quizzes by...
Day
Popularity
Type
Ratings
Length
Year
Community
Subscriptions
Recent Discussions
Orange Saloon
Badges
Playlists
Quests
Create
Leaderboards
Showdown
Live 5
Trivia Bingo
Activity
Puzzle Library
Sporcle Events
Private Events
Virtual Trivia
Globe League
Become a Host
Pub Owners
SporcleCon
Opinionation
Our Games
Videos
Blog
Mobile Apps
Partnerships
Remove Ads and Go Orange
Feedback
Literature
Harry Potter
A Song of Ice and Fire
The Hunger Games
Literary Character
Shakespeare
Book
Author
Novel
Poem
Young Adult
Children's Books
Play
Lord of the Rings
Literature
Harry Potter
A Song of Ice and Fire
The Hunger Games
Literary Character
Shakespeare
Book
Author
Novel
Poem
Young Adult
Children's Books
Play
Lord of the Rings
Random Quiz
Search Sporcle
×
Quiz Lab
Quiz Lab
Literature
The Hunger Games
Type in answers that appear in a list
Type in answers that appear in a list
Classic
Best Score? Go Orange.
The Hunger Games Mockingjay Stats
Can you name the the hunger games mocking jay answers?
By
Ballance123
5m
10 Questions
263 Plays
263 Plays
263 Plays
Comments
Comments
Give Quiz Kudos
Give Quiz Kudos
-
- Ratings
hide this ad
Random Order
Randomize order of answers
Randomize order of answers
Replay
Link that replays current quiz
Next Quiz
Link to next quiz in quiz playlist
You Got
0%
They Got
Avg Score
59%
Avg Friend Score
Upgrade to see
Score Distribution
Jump to the score distribution portion of the page
Score
0/10
Timer
05:00
0
Plays Today
Hint
Answer
% Correct
Who was killed by Katniss instead of Snow
Coin
88.6%
Who did Coin want to save from the arena
Peeta
86.7%
Died after having leg blown off
Boggs
74.5%
What was the surname of the sisters in team 451
Leeg
71.5%
Who does Katniss save from district 12
Buttercup
60.8%
Which tribute could not be saved from the capitol
Enobaria
59.7%
What three types of arrow was Katniss given
Normal, Fire and explosion
53.2%
What was the name of the avox insect
Pollux
51.7%
What killed Primrose
Twice exploding bombs
34.2%
Name of team 451
Star team
11.8%
Quiz Playlist
Details
Report
Send in Message
Add To Playlist
Classic:
Type in answers that appear in a list
Random Order:
Randomize order of answers
Last Updated: Feb 16, 2017
Quiz Scoreboard
CHALLENGE
Sign Up to Join the Scoreboard
Show All
Scores
Hide
Comments
May contain spoilers
Recently Published
Image Sorting: Flags VI
by Barbecue
Geography
2m
Find the 'City' Movie
by crazypaving
Movies
60s
Colored Red Africa Blitz
by spor1
Geography
45s
More to Explore
Quiz From the Vault
Featured Blog Post
14 Easter Pick-up Lines to Find Eggs With
hide this ad
You Might Also Like...
Tags
The Hunger Games Quiz
Hunger
Jay
Katniss Everdeen
Mockingjay
Today's Top Quizzes in Literature
Browse Literature
hide this ad
Today's Top Quizzes in The Hunger Games
Browse The Hunger Games
Top Contributed Quizzes in Literature
1
Sneaky Slytherin Logic Puzzle
2
Harry Potter logic puzzle: The Hogwarts Soap Opera
3
Get The Picture: Black or White Literature
4
Harry Potter Slytherin Logic Puzzle
5
'Middle' Earth
6
ASOIAF Siblings Logic Puzzle
7
Logic Puzzle: Avoid Dumbledore's Army
8
A Song of Ice and Fire Logic Puzzle
9
Harry Potter Logic Puzzle 1
10
Quick Pick: Easter in Book Titles
Explore More
Trending Topics
NBA
Disney
Anime
Crossword
Kpop
Harry Potter
Marvel
Puzzle
Song
WWE
Soccer
Country
The Office
Pokémon
NFL
hide this ad
More By:
Ballance123
Quiz
Plays
Rating
Category
Featured
Created
The Next Step Trivia
18,564
2.33
Television
Dec 5, 2014
Coronation Street Couples
9,865
Television
Apr 18, 2017
Coronation Street Characters 2018
7,531
4.50
Television
Dec 30, 2016
The Next Step
6,502
1.00
Television
Aug 18, 2015
Coronation Street Workplaces
6,439
Television
Apr 17, 2017
Go to Creator's Profile
Score Distribution
Quiz Creator Spotlight
Ballance123
Follow
Send a Message
Quizzes Created
-
Created Quiz Play Count
-
More By This Creator
Popular Quizzes Today
1
Colored Red Africa Blitz
2
Find the US States - No Outlines Minefield
3
Find the 'City' Movie
4
5x2 Blitz: Bands
5
The Countries of the World
6
Find the US States
7
Find the Countries of Europe - No Outlines Minefield
8
US States
More Literature Quizzes
Poets Picture Click (Women)
Published
Trending Quizzes
Colored Red Europe Blitz I
Colored Red Europe Blitz II
Colored Red Africa Blitz II
Colored Red Europe Blitz III
Colored Red Africa Blitz III
Recently Updated
How Do You Spell That?
pecheneg
Godzilla Movies
pecheneg
Grab Bag: 4-10 Letters
pecheneg
2024 March Madness Bracket
pecheneg
Famous TV Couples
Peacemaker
Champions League XIs: Real Madrid
pecheneg
Largest US Cities 1790-2010
pecheneg
Rides in Walt Disney World
pecheneg
Most Oscar Losses (Acting)
pecheneg
Beyoncé Albums
pecheneg
Trending Topics
Anime
Kpop
Disney
Harry Potter
Crossword
NBA
Marvel
Song
Pokémon
Country
WWE
NFL
Soccer
Puzzle
The Office
Your Account Isn't Verified!
In order to create a playlist on Sporcle, you need to verify the email address you used during registration. Go to your
Sporcle Settings
to finish the process.
Report this User
Report this user for behavior that violates our
Community Guidelines
.
Details:
Send Report
Go to the Sporcle.com Mobile Site →
Comments